[Event "Xtracon Chess Open 2018"]
[Site "Elsinore"]
[Date "2018.07.28"]
[Round "9"]
[White "Salles, Louis"]
[Black "Dishman, Matthew"]
[Result "1-0"]
[WhiteElo "2227"]
[BlackElo "1820"]
[EventDate "2018.07.21"]
[WhiteFideId "20641826"]
[BlackFideId "438642"]

1.e4 c6 2.d4 d5 3.e5 Bf5 4.h4 h5 5.Bd3 Bxd3 6.Qxd3 Qa5+ 7.Nd2 e6 8.Nf3 Nd7
9.O-O Ne7 10.c4 Qa6 11.b3 Nf5 12.Qc3 Be7 13.g3 O-O 14.Re1 Rfc8 15.c5 b6 
16.b4 bxc5 17.dxc5 Qb7 18.Nb3 Bd8 19.Bd2 Rcb8 20.Rab1 a5 21.bxa5 Qa7 22.
Rec1 Rb5 23.Qc2 Bc7 24.a4 Rbb8 25.Nfd4 Nxd4 26.Nxd4 Rxb1 27.Rxb1 Nxe5 28.
Bf4 Nc4 29.Bxc7 Qxc7 30.Rb6 Nxb6 31.cxb6 Qe5 32.Nxc6 Qa1+ 33.Kg2 d4 34.b7 
Re8 35.a6 d3 36.Qxd3 Qxa4 37.Qd7 Qe4+ 38.Kh2 Qf3 39.Kg1 Qe2 40.Qxe8+ Kh7 
41.Qxf7 1-0

[Event "Xtracon Chess Open 2018"]
[Site "Elsinore"]
[Date "2018.07.28"]
[Round "9"]
[White "Pavlov, Mikhail"]
[Black "Berg, Olaf"]
[Result "0-1"]
[WhiteElo "1830"]
[BlackElo "2226"]
[EventDate "2018.07.21"]
[WhiteFideId "44126573"]
[BlackFideId "7200420"]

1.e4 c5 2.Nf3 d6 3.d4 cxd4 4.Nxd4 Nf6 5.Nc3 a6 6.Be3 Ng4 7.Bg5 h6 8.Bh4 g5
9.Bg3 Bg7 10.h3 Ne5 11.f3 Nbc6 12.Bf2 Nxd4 13.Bxd4 Be6 14.Nd5 Rc8 15.Qd2 
f5 16.f4 fxe4 17.fxe5 dxe5 18.Nb6 exd4 19.Nxc8 Qxc8 20.Be2 O-O 21.Rf1 Be5 
22.O-O-O d3 23.Bxd3 Rxf1 24.Rxf1 exd3 25.Qxd3 Kg7 26.Re1 Bf6 27.g4 Qc6 28.
a3 Bc4 29.Qf5 Qb5 30.Qxb5 Bxb5 31.b3 Bc6 32.c4 h5 33.gxh5 Kh6 34.b4 Kxh5 
0-1

[Event "Xtracon Chess Open 2018"]
[Site "Elsinore"]
[Date "2018.07.28"]
[Round "9"]
[White "Kleimark, Anders"]
[Black "Urkedal, Frode Olav Olsen"]
[Result "0-1"]
[WhiteElo "2024"]
[BlackElo "2552"]
[EventDate "2018.07.21"]
[WhiteFideId "1709968"]
[BlackFideId "1506102"]

1.d4 Nf6 2.c4 e6 3.g3 c5 4.d5 exd5 5.cxd5 b5 6.e4 Nxe4 7.Bg2 Nd6 8.Qe2+ 
Be7 9.Bg5 h6 10.Be3 O-O 11.Nh3 b4 12.Qg4 f5 13.Qh5 Bf6 14.Nd2 Ba6 15.Bxh6 
gxh6 16.Qg6+ Bg7 17.Qxd6 Qe8+ 18.Ne4 fxe4 19.O-O-O Qe5 20.Qxe5 Bxe5 21.
Rhe1 d6 22.Rxe4 Nd7 23.Rg4+ Bg7 24.Nf4 Ne5 25.Rh4 c4 26.Bh3 Nd3+ 27.Kb1 
Nxf4 28.gxf4 c3 29.Rg1 Bd3+ 30.Kc1 cxb2+ 31.Kd2 b1=Q 32.Be6+ Kh7 33.Rxb1 
Bxb1 34.Kc1 Bxa2 35.f5 b3 36.f6 Rxf6 37.Rb4 Rxf2 38.h4 Raf8 39.h5 Rc2+ 0-1

[Event "Xtracon Chess Open 2018"]
[Site "Elsinore"]
[Date "2018.07.28"]
[Round "9"]
[White "Liabotro, Ola"]
[Black "Dauth, Benjamin"]
[Result "1/2-1/2"]
[WhiteElo "2066"]
[BlackElo "2325"]
[EventDate "2018.07.21"]
[WhiteFideId "1512382"]
[BlackFideId "4688104"]

1.e4 e5 2.Nf3 Nc6 3.d4 exd4 4.Nxd4 Nf6 5.Nxc6 bxc6 6.e5 Qe7 7.Qe2 Nd5 8.c4
Nb6 9.Nc3 Ba6 10.b3 Qe6 11.Qe4 Bb4 12.Bd2 Bxc3 13.Bxc3 d5 14.Qh4 dxc4 15.
Be2 Nd5 16.Rc1 O-O 17.O-O Nxc3 18.Rxc3 Qxe5 19.Rh3 h6 20.Bxc4 Bxc4 21.Qxc4
a5 22.Qxc6 Rfd8 23.Rc3 Ra7 24.Rfc1 Rd2 25.R3c2 Rxc2 26.Qxc2 Kf8 27.g3 g6 
28.Qc6 h5 29.Rc4 Kg7 30.Kg2 Qf6 31.Qc5 Qb6 32.Qe5+ Qf6 33.Qc5 Qb6 34.Qe5+ 
Qf6 1/2-1/2

[Event "Xtracon Chess Open 2018"]
[Site "Elsinore"]
[Date "2018.07.28"]
[Round "9"]
[White "Koellner, Christof"]
[Black "Berg, Klaus"]
[Result "1/2-1/2"]
[WhiteElo "2105"]
[BlackElo "2322"]
[EventDate "2018.07.21"]
[WhiteFideId "4635787"]
[BlackFideId "1400053"]

1.d4 d5 2.c4 dxc4 3.e3 Nf6 4.Bxc4 e6 5.Nf3 c5 6.O-O a6 7.dxc5 Bxc5 8.a3 b5
9.Qxd8+ Kxd8 10.Be2 Bb7 11.b4 Bd6 12.Bb2 Nbd7 1/2-1/2

[Event "Xtracon Chess Open 2018"]
[Site "Elsinore"]
[Date "2018.07.28"]
[Round "9"]
[White "Thogersen, Rasmus"]
[Black "Jensen, Thore Nyboe"]
[Result "1-0"]
[WhiteElo "2297"]
[BlackElo "2072"]
[EventDate "2018.07.21"]
[WhiteFideId "1431412"]
[BlackFideId "1405349"]

1.e4 c5 2.Nf3 e6 3.d4 cxd4 4.Nxd4 Nf6 5.Nc3 Nc6 6.Ndb5 d6 7.Bf4 e5 8.Bg5 
a6 9.Na3 b5 10.Bxf6 gxf6 11.Nd5 f5 12.c3 fxe4 13.Bxb5 Bb7 14.Ba4 Rg8 15.
Nc4 Rb8 16.Nb4 1-0

[Event "Xtracon Chess Open 2018"]
[Site "Elsinore"]
[Date "2018.07.28"]
[Round "9"]
[White "Ramsdal, Jens Albert"]
[Black "Hansen, Svein E"]
[Result "1-0"]
[WhiteElo "2259"]
[BlackElo "2041"]
[EventDate "2018.07.21"]
[WhiteFideId "1429221"]
[BlackFideId "1519727"]

1.e4 e6 2.d4 d5 3.Nd2 Nf6 4.e5 Nfd7 5.Bd3 c5 6.c3 Nc6 7.Ne2 Be7 8.O-O Qc7 
9.Nf3 b6 10.Ng3 h6 11.Qc2 c4 12.Be2 Bb7 13.Nh5 Bf8 14.Nh4 O-O-O 15.Bg4 Ne7
16.f4 g6 17.Ng3 h5 18.Bh3 Bh6 19.f5 Bxc1 20.fxe6 Be3+ 21.Kh1 fxe6 22.Rf7 
g5 23.Rxe7 g4 24.Rxe6 Nf8 25.Rf6 Qh7 26.Qf5+ Qxf5 27.Nhxf5 Bg5 28.Nd6+ Kb8
29.Rf5 Ne6 30.Nf7 Rdf8 31.Nxh8 Rxh8 32.Nxh5 gxh3 33.Ng7 hxg2+ 34.Kxg2 Nxg7
35.Rxg5 Ne6 36.Rg4 Bc8 37.h3 Rh5 38.Rf1 Ng5 39.Rf8 Kc7 40.Rg8 Ne6 41.Kg3 
Rh7 42.R4g6 Bd7 43.h4 b5 44.Ra8 Kb7 45.Rgg8 Ng7 46.Rgb8+ Kc7 47.Rh8 Nf5+ 
48.Kf4 Rxh4+ 49.Rxh4 Nxh4 50.Rxa7+ Kd8 51.Kg5 Nf3+ 52.Kf6 Nd2 53.e6 Ne4+ 
54.Ke5 Bc6 55.Rg7 Be8 56.Kxd5 Nf2 57.Kd6 Ne4+ 58.Ke5 Nf2 59.d5 1-0

[Event "Xtracon Chess Open 2018"]
[Site "Elsinore"]
[Date "2018.07.28"]
[Round "9"]
[White "Skjoldager, Mikael"]
[Black "Koellner, Ruben Gideon"]
[Result "0-1"]
[WhiteElo "2057"]
[BlackElo "2254"]
[EventDate "2018.07.21"]
[WhiteFideId "1434314"]
[BlackFideId "12993093"]

1.e4 e5 2.Nf3 Nc6 3.Bb5 Bc5 4.c3 f5 5.d4 fxe4 6.Bxc6 dxc6 7.Nxe5 Bd6 8.Qe2
Bf5 9.Bf4 Nf6 10.Nd2 Qe7 11.h3 O-O-O 12.O-O g5 13.Bxg5 Bxe5 14.dxe5 Qxe5 
15.Bxf6 Qxf6 16.Nxe4 Qg6 17.f3 Bxh3 18.Rad1 Rde8 19.Kh2 Bf5 20.Qf2 Kb8 21.
Rd4 Bxe4 22.Rxe4 Rxe4 23.fxe4 Qxe4 24.Qf8+ Qe8 25.Qxe8+ Rxe8 26.Rf7 h6 27.
g4 a5 28.Kg3 Re2 29.Rf2 Re6 30.Kh4 b5 31.Kh5 Kb7 32.b3 c5 33.Rd2 Kb6 34.
Rc2 a4 35.Rf2 c6 36.Rd2 a3 37.Rc2 Kc7 38.c4 Kb6 39.Kh4 Re3 40.Kh5 Re6 41.
Kh4 Ka5 42.Kh5 Kb4 43.Kh4 Re1 44.Kh5 Rb1 45.Kxh6 Rb2 46.Rc1 Rxa2 47.cxb5 
cxb5 48.g5 Rh2+ 49.Kg7 Rg2 50.Kf6 a2 51.g6 Kxb3 0-1

[Event "Xtracon Chess Open 2018"]
[Site "Elsinore"]
[Date "2018.07.28"]
[Round "9"]
[White "Mortensen, Rogvi"]
[Black "Schwarz, Frank"]
[Result "0-1"]
[WhiteElo "2047"]
[BlackElo "2234"]
[EventDate "2018.07.21"]
[WhiteFideId "7202369"]
[BlackFideId "4658035"]

1.d4 Nf6 2.c4 e6 3.Nc3 Bb4 4.Qc2 O-O 5.Nf3 d5 6.cxd5 exd5 7.Bf4 Re8 8.e3 
c6 9.Bd3 Nbd7 10.a3 Bxc3+ 11.Qxc3 Ne4 12.Qc2 Nf8 13.h3 f6 14.Nd2 Ne6 15.
Bxe4 dxe4 16.Bg3 f5 17.Be5 Ng5 18.O-O-O Be6 19.f4 Nf7 20.g4 c5 21.gxf5 
Bxf5 22.Kb1 cxd4 23.Bxd4 Rc8 24.Qa4 a6 25.h4 h5 26.Rc1 Rxc1+ 27.Rxc1 Nd6 
28.Qb3+ Kh7 29.Qd5 Qd7 30.Be5 Nf7 31.Qxd7 Bxd7 32.Bd4 Rc8 33.Rg1 g6 34.Nb3
Bg4 35.Nc5 Nd6 36.Rc1 Be2 37.Rc3 Nb5 38.Rb3 b6 39.Nxe4 Bc4 40.Nf6+ Kg7 41.
Rxb5 Bxb5 42.Nxh5+ Kf7 43.Nf6 a5 44.Ng4 Bd3+ 45.Ka2 Bf5 46.Nh6+ Ke6 47.
Nxf5 Kxf5 48.a4 Rc6 49.b4 Ke4 50.Kb3 Kd3 51.bxa5 bxa5 52.f5 gxf5 53.Ba7 
Rc7 54.Bd4 f4 0-1

[Event "Xtracon Chess Open 2018"]
[Site "Elsinore"]
[Date "2018.07.28"]
[Round "9"]
[White "Gonzalez, Francisco Silva"]
[Black "Nilsson, Patrik 1978"]
[Result "0-1"]
[WhiteElo "2045"]
[BlackElo "2229"]
[EventDate "2018.07.21"]
[WhiteFideId "1512285"]
[BlackFideId "1708171"]

1.d4 f5 2.c4 Nf6 3.e3 d6 4.Nc3 g6 5.Qc2 Bg7 6.b3 O-O 7.Bb2 a5 8.f3 Na6 9.
a3 c6 10.Bd3 e5 11.dxe5 dxe5 12.Na4 Qe7 13.Be2 Nc5 14.Nb6 Ra6 15.Nxc8 Rxc8
16.Rb1 Raa8 17.b4 axb4 18.axb4 Na6 19.Bc3 Nh5 20.Nh3 Qh4+ 21.Nf2 Qg5 22.g4
fxg4 23.fxg4 Nf6 24.h4 Qxe3 25.Rh3 Qb6 26.h5 Rf8 27.c5 Nxc5 28.Bc4+ Nd5 
29.h6 Bh8 30.bxc5 Qxc5 31.Rxb7 Rf4 32.Bb3 Bf6 33.g5 Bxg5 34.Rg7+ Kh8 35.
Bxe5 Qb4+ 36.Kf1 Bf6 37.Bxf4 Ra1+ 38.Bc1 Qf4 39.Rc3 Bxc3 40.Bxd5 Rxc1+ 41.
Kg2 Qg5+ 42.Kh3 Qxh6+ 0-1

[Event "Xtracon Chess Open 2018"]
[Site "Elsinore"]
[Date "2018.07.28"]
[Round "9"]
[White "Crevatin, Leo"]
[Black "Pakmor, Claus"]
[Result "1-0"]
[WhiteElo "2224"]
[BlackElo "2023"]
[EventDate "2018.07.21"]
[WhiteFideId "1726307"]
[BlackFideId "1431609"]

1.d4 d5 2.c4 e6 3.Nc3 Nf6 4.cxd5 exd5 5.Bg5 c6 6.Qc2 Be7 7.e3 Nbd7 8.Bd3 
h6 9.Bh4 Nh5 10.Bxe7 Qxe7 11.Nge2 Nb6 12.O-O O-O 13.a3 Be6 14.Rae1 Qc7 15.
f3 f5 16.Qd2 Rae8 17.Kh1 Nc8 18.Nf4 Nxf4 19.exf4 Bd7 20.Re5 Ne7 21.g3 Ng6 
22.Ree1 Qd6 23.h4 h5 24.Bc2 Qf6 25.Kg2 Rxe1 26.Rxe1 Re8 27.Rxe8+ Bxe8 28.
Nd1 Nf8 29.Ne3 g6 30.Bb3 Bf7 31.Nc2 Qe7 32.Kf2 Ne6 33.Qe3 Kf8 34.Qe5 Nc7 
35.Ke3 Qxe5+ 36.fxe5 Ne6 37.Nb4 Ke7 38.Nd3 Bg8 39.Nf4 Nxf4 40.Kxf4 Be6 41.
Kg5 Kf7 42.Bd1 a5 43.b4 axb4 44.axb4 b6 45.g4 fxg4 46.fxg4 hxg4 47.Bxg4 
Bxg4 48.Kxg4 Ke6 49.Kf4 Ke7 50.Kg5 Kf7 51.b5 cxb5 52.Kf4 Ke6 53.Ke3 Kd7 
54.Kd2 Kc7 55.Kc3 Kd7 56.Kb4 Kc6 57.e6 Kd6 58.Kxb5 Kxe6 59.Kxb6 Kf5 60.Kc6
Kg4 61.Kxd5 Kxh4 62.Ke5 g5 63.d5 g4 64.d6 g3 65.d7 g2 66.d8=Q+ Kg3 67.Qg5+
Kf2 68.Qf4+ 1-0

[Event "Xtracon Chess Open 2018"]
[Site "Elsinore"]
[Date "2018.07.28"]
[Round "9"]
[White "Laustsen, Lars"]
[Black "Khlopushin, Dmitriy"]
[Result "1/2-1/2"]
[WhiteElo "2219"]
[BlackElo "2000"]
[EventDate "2018.07.21"]
[WhiteFideId "1407554"]
[BlackFideId "44147864"]

1.d4 d5 2.c4 e6 3.Nf3 Nf6 4.g3 a6 5.Bg2 dxc4 6.O-O Nc6 7.e3 Bd7 8.Qe2 Nd5 
9.e4 Nb6 10.d5 Nb4 11.Ne5 Be7 12.Nc3 O-O 13.Be3 exd5 14.exd5 Bf5 15.Bxb6 
cxb6 16.Qxc4 Bd6 17.Ne4 Rc8 18.Qb3 Nc2 19.Nxd6 Qxd6 20.Nc4 Qc5 21.Nxb6 
Nxa1 22.Rxa1 Bc2 23.Qe3 Rfe8 24.Qxc5 Rxc5 25.d6 Rce5 26.d7 Rd8 27.Rc1 Bf5 
28.a4 Kf8 29.Bxb7 Bxd7 30.Nxd7+ Rxd7 31.Bxa6 Rd2 32.b3 g6 33.Bc4 Rf5 34.
Rf1 Rf3 35.Kg2 Rc3 36.h4 Rcc2 37.Kf3 Kg7 38.Ke3 Kf6 39.a5 Ra2 40.b4 Rab2 
41.b5 Rdc2 42.Bd3 Rc3 43.b6 Ra3 44.Rc1 Rxa5 45.Rc6+ Kg7 46.Bc4 Rf5 47.Ke4 
1/2-1/2

[Event "Xtracon Chess Open 2018"]
[Site "Elsinore"]
[Date "2018.07.28"]
[Round "9"]
[White "Lund, Gunnar"]
[Black "Jensen, Morten Frank"]
[Result "0-1"]
[WhiteElo "2216"]
[BlackElo "2007"]
[EventDate "2018.07.21"]
[WhiteFideId "1520814"]
[BlackFideId "1407325"]

1.d4 g6 2.Nf3 Bg7 3.Bg5 c5 4.c3 cxd4 5.cxd4 Qb6 6.Qd2 Nc6 7.e3 Nf6 8.Nc3 
d6 9.h3 Bd7 10.Be2 Qa5 11.O-O h6 12.Bxf6 Bxf6 13.a3 O-O 14.b4 Qd8 15.Rac1 
Rc8 16.Rfd1 Bg7 17.e4 Kh7 18.Qf4 Nxd4 19.Nxd4 Bxd4 20.Nd5 e5 21.Rxc8 Bxc8 
22.Qf6 Qxf6 23.Nxf6+ Kg7 24.Nd5 Bd7 25.Ne3 Rc8 26.Kf1 Ba4 27.Rb1 Bxe3 28.
fxe3 Rc3 29.b5 Rxa3 30.Rb4 Bc2 31.Rc4 Bd3 32.Bxd3 Rxd3 33.Rc7 Rxe3 34.Rxb7
Rxe4 35.Rxa7 Rb4 36.Rb7 Rb2 37.Rb6 d5 38.h4 d4 39.g3 h5 40.Ke1 Kf8 41.Kd1 
Ke7 42.Rb7+ Ke6 43.b6 f6 44.Kc1 Rb4 45.Rg7 Rxb6 46.Rxg6 Kf7 47.Rh6 Rb3 48.
Rxh5 Rxg3 49.Rh8 Kg7 50.Rh5 Rg6 51.Rf5 Rh6 52.h5 Kf7 53.Kd2 Ke6 0-1

[Event "Xtracon Chess Open 2018"]
[Site "Elsinore"]
[Date "2018.07.28"]
[Round "9"]
[White "Alquist, Erik"]
[Black "Hill, Alistair"]
[Result "0-1"]
[WhiteElo "2035"]
[BlackElo "2192"]
[EventDate "2018.07.21"]
[WhiteFideId "1707701"]
[BlackFideId "432407"]

1.e4 c5 2.Nf3 Nc6 3.d4 cxd4 4.Nxd4 Nf6 5.Nc3 e5 6.Ndb5 d6 7.Bg5 a6 8.Na3 
b5 9.Nd5 Be7 10.Bxf6 Bxf6 11.c3 Bg5 12.Nc2 Rb8 13.Be2 O-O 14.O-O a5 15.Na3
b4 16.Nb5 Be6 17.Nxd6 bxc3 18.bxc3 Ne7 19.Nxe7+ Qxe7 20.Nf5 Qa3 21.Qd3 Rb2
22.Qg3 Bxf5 23.exf5 Rxe2 24.Qxg5 f6 25.Qg4 Rc2 26.Qc4+ Kh8 27.Rab1 Qxc3 
28.Qe6 Qc8 29.Rb5 Qxe6 30.fxe6 Rxa2 31.f4 exf4 32.Rxf4 Re2 33.Rxa5 Rxe6 
34.Ra7 Kg8 35.Rd4 f5 36.Rdd7 Rg6 37.Kf2 h6 38.Kf3 Rb8 39.Rab7 Ra8 40.Ra7 
Rb8 41.Rab7 Rxb7 42.Rxb7 Kh7 43.g3 Ra6 44.h4 Kg6 45.Rc7 Ra3+ 46.Kf4 Ra4+ 
47.Kf3 Rg4 48.Ra7 Kh5 49.Ra5 g6 50.Rb5 Ra4 51.Rb3 g5 52.hxg5 hxg5 53.Rb2 
Ra3+ 54.Kg2 Rd3 55.Ra2 Rb3 56.Rc2 Kg4 57.Rc4+ f4 58.gxf4 gxf4 59.Ra4 Rb2+ 
60.Kf1 Kg3 61.Ra3+ f3 62.Ra1 Rh2 0-1

[Event "Xtracon Chess Open 2018"]
[Site "Elsinore"]
[Date "2018.07.28"]
[Round "9"]
[White "Rosell, Sven"]
[Black "Ingvason, Johann"]
[Result "0-1"]
[WhiteElo "1983"]
[BlackElo "2189"]
[EventDate "2018.07.21"]
[WhiteFideId "1707760"]
[BlackFideId "2301431"]

1.c4 e5 2.Nc3 Nf6 3.Nf3 Nc6 4.d4 exd4 5.Nxd4 Nxd4 6.Qxd4 Be7 7.e4 d6 8.Be2
O-O 9.O-O Nd7 10.Nd5 Bf6 11.Nxf6+ Qxf6 12.Qxf6 Nxf6 13.f3 a5 14.Bd2 Be6 
15.Bc3 Nd7 16.Rac1 f6 17.Bd4 b6 18.Rfd1 Rfe8 19.f4 Bf5 20.Bh5 Bg6 21.Bg4 
Nf8 22.f5 Bf7 23.Bf3 Rab8 24.b3 Nd7 25.Rd2 Kf8 26.Kf2 Re7 27.g4 Nc5 28.Re1
Rbe8 29.Bxc5 bxc5 30.Kg3 Rb8 31.Bd1 a4 32.Bc2 Ree8 33.Rb1 Rb6 34.Bd3 Reb8 
35.Rdb2 c6 36.Kf4 d5 37.exd5 cxd5 38.cxd5 Bxd5 39.Rc2 Rb4+ 40.Kg3 axb3 41.
Rxc5 bxa2 42.Rbc1 Rd4 43.Bb5 Ra8 44.Ra1 h6 45.Kh4 Bf7 46.Rc7 h5 47.h3 hxg4
48.hxg4 Rd2 49.Rc3 Rb8 50.Bd3 Rd8 51.Be4 Rd1 52.Rcc1 Bb3 53.Bf3 Rxc1 54.
Rxc1 Rd3 55.Be2 Rd2 56.Bf3 Rc2 57.Ra1 Rc3 58.Be4 Re3 59.Bc6 Rd3 0-1

[Event "Xtracon Chess Open 2018"]
[Site "Elsinore"]
[Date "2018.07.28"]
[Round "9"]
[White "Jaksland, Tim"]
[Black "Greeuw, Sietske"]
[Result "1/2-1/2"]
[WhiteElo "2185"]
[BlackElo "1998"]
[EventDate "2018.07.21"]
[WhiteFideId "1401084"]
[BlackFideId "1020285"]

1.Nf3 c5 2.c4 Nc6 3.b3 e5 4.Bb2 d6 5.Nc3 g6 6.g3 Bg7 7.d3 Nge7 8.Bg2 O-O 
9.O-O Rb8 10.a3 a6 11.Rb1 b5 12.Nd2 b4 13.Nd5 Bb7 14.a4 Nxd5 15.Bxd5 Ne7 
16.Bxb7 Rxb7 17.e3 Qd7 18.Qe2 Rc7 19.Rfd1 f5 20.f4 h6 21.Nf3 Qe6 22.Re1 
Kh7 23.Qc2 Re8 24.Rbd1 Rcc8 25.Rd2 Rc7 26.Rde2 Rcc8 27.Qd1 Nc6 28.d4 Qf7 
29.d5 Na5 30.fxe5 dxe5 31.e4 f4 32.gxf4 Qxf4 33.Rf1 Rf8 34.Bc1 Qg4+ 35.Rg2
Qxe4 36.Nd2 Qd4+ 1/2-1/2

[Event "Xtracon Chess Open 2018"]
[Site "Elsinore"]
[Date "2018.07.28"]
[Round "9"]
[White "Leutwyler, Martin"]
[Black "Schmitt, Carsten"]
[Result "1/2-1/2"]
[WhiteElo "2185"]
[BlackElo "1997"]
[EventDate "2018.07.21"]
[WhiteFideId "1301969"]
[BlackFideId "24675253"]

1.Nf3 d5 2.g3 Nf6 3.Bg2 c5 4.O-O Nc6 5.d4 e6 6.c4 Be7 7.dxc5 Bxc5 8.a3 O-O
9.b4 Be7 10.Bb2 dxc4 11.Nbd2 c3 12.Bxc3 Nd5 13.Bb2 Bf6 14.Qb3 Bxb2 15.Qxb2
Qf6 16.Qxf6 gxf6 17.Rac1 Rd8 18.Ne4 Rb8 19.Rfd1 Bd7 20.Nc5 Be8 21.Nd4 
Ndxb4 22.axb4 Rxd4 23.Bxc6 Rxd1+ 24.Rxd1 Bxc6 25.Nd7 Bxd7 26.Rxd7 a6 27.
Kg2 b6 1/2-1/2

[Event "Xtracon Chess Open 2018"]
[Site "Elsinore"]
[Date "2018.07.28"]
[Round "9"]
[White "Schnell, Andrea"]
[Black "Larsen, Jens Evald"]
[Result "0-1"]
[WhiteElo "1270"]
[BlackElo "1433"]
[EventDate "2018.07.21"]
[WhiteFideId "16208587"]
[BlackFideId "1409603"]

1.d4 d5 2.Bf4 e6 3.c3 Bd6 4.Bg3 Nf6 5.e3 O-O 6.Bd3 Re8 7.Nf3 b6 8.Qc2 Ba6 
9.Ne5 Bxd3 10.Qxd3 Bxe5 11.Bxe5 Nbd7 12.Nd2 Nxe5 13.dxe5 Nd7 14.Nf3 c5 15.
O-O Qc7 16.Ng5 g6 17.f4 f6 18.exf6 Nxf6 19.Nf3 Rad8 20.Ne5 Nd7 21.Ng4 Rf8 
22.Rf3 Nf6 23.Ne5 Qg7 24.Rg3 Ne4 25.Rh3 g5 26.Qe2 gxf4 27.exf4 Rxf4 28.Nc6
Rdf8 29.Qh5 Rf2 30.g3 Rxb2 31.Ne5 Ng5 32.Rh4 Qxe5 0-1

[Event "Xtracon Chess Open 2018"]
[Site "Elsinore"]
[Date "2018.07.28"]
[Round "9"]
[White "Gabrielsen, Rasmus Arvola"]
[Black "Hviid, Hans Henrik"]
[Result "1-0"]
[WhiteElo "1546"]
[BlackElo "1173"]
[EventDate "2018.07.21"]
[WhiteFideId "1531190"]
[BlackFideId "1425374"]

1.e4 e5 2.Nf3 d6 3.d4 exd4 4.Nxd4 c5 5.Bb5+ Nd7 6.Nf5 g6 7.Nxd6+ Bxd6 8.
Qxd6 Qa5+ 9.Nc3 a6 10.Bxd7+ Bxd7 11.Qe5+ Kf8 12.Qxh8 Re8 13.O-O Bc6 14.
Qxh7 Bxe4 15.Nxe4 Rxe4 16.Bh6+ Nxh6 17.Qxh6+ Ke7 18.Qg5+ Kf8 19.Rad1 Kg7 
20.Qd5 Re2 21.Qc4 Re7 22.Qc3+ Qxc3 23.bxc3 Re2 24.Rc1 b5 25.Rfe1 Rd2 26.
Red1 Re2 27.Rd6 a5 28.Rd5 b4 29.cxb4 axb4 30.Rxc5 Re8 31.Rc4 Rb8 32.Rb1 
Ra8 33.Rb2 Re8 34.g3 1-0

[Event "Xtracon Chess Open 2018"]
[Site "Elsinore"]
[Date "2018.07.28"]
[Round "9"]
[White "Kizatbay, Alseit"]
[Black "Petersson, Baldur Teodor"]
[Result "0-1"]
[WhiteElo "1932"]
[BlackElo "2153"]
[EventDate "2018.07.21"]
[WhiteFideId "13712209"]
[BlackFideId "2309157"]

1.d4 Nf6 2.Nf3 g6 3.Bg5 Ne4 4.Bh4 Bg7 5.e3 d5 6.Nbd2 c5 7.c3 O-O 8.Be2 Nc6
9.O-O h6 10.Nxe4 dxe4 11.Nd2 cxd4 12.cxd4 f5 13.Qb3+ Kh8 14.Bb5 g5 15.Bxc6
bxc6 16.Bg3 e5 17.h3 exd4 18.exd4 f4 19.Bh2 Qxd4 20.Rad1 Ba6 21.Rfe1 Rae8 
22.Qa3 e3 23.fxe3 Rxe3 24.Rxe3 fxe3 0-1

[Event "Xtracon Chess Open 2018"]
[Site "Elsinore"]
[Date "2018.07.28"]
[Round "9"]
[White "Jacobsen, Per"]
[Black "Syndergaard, Stig"]
[Result "0-1"]
[WhiteElo "1590"]
[BlackElo "1830"]
[EventDate "2018.07.21"]
[WhiteFideId "1413856"]
[BlackFideId "1432435"]

1.d4 Nf6 2.e3 d5 3.f4 Bf5 4.c3 e6 5.Nf3 Nbd7 6.Be2 h6 7.O-O Be7 8.Nbd2 Ng4
9.Nb3 O-O 10.Ne5 Ngf6 11.g4 Bh7 12.g5 hxg5 13.fxg5 Nxe5 14.gxf6 gxf6 15.
dxe5 fxe5 16.Rf2 Bh4 17.Rg2+ Kh8 18.Bd3 e4 19.Bf1 Qf6 20.Qe2 Rg8 21.Nc5 
Rg5 22.Nxb7 Rag8 23.Nc5 Bf5 24.Nd7 Qe7 25.Ne5 Bh3 26.Nc6 Qf6 27.Rxg5 Qxg5+
28.Kh1 Qg1# 0-1

[Event "Xtracon Chess Open 2018"]
[Site "Elsinore"]
[Date "2018.07.28"]
[Round "9"]
[White "Meyer, Juergen"]
[Black "Sorensen, Bernhard W."]
[Result "1-0"]
[WhiteElo "1908"]
[BlackElo "1691"]
[EventDate "2018.07.21"]
[WhiteFideId "24661759"]
[BlackFideId "1442074"]

1.d4 e6 2.e4 d5 3.Nc3 dxe4 4.Nxe4 Bd7 5.Nf3 Bc6 6.Bd3 Nd7 7.O-O Ngf6 8.Ng3
Bd6 9.Re1 O-O 10.Ne5 Bxe5 11.dxe5 Nd5 12.Qg4 Ne7 13.Bg5 g6 14.Rad1 Kg7 15.
Qh4 Re8 16.Qh6+ Kg8 17.Bf6 Nxf6 18.exf6 Nf5 19.Bxf5 Qxf6 20.Be4 Bxe4 21.
Nxe4 Qxb2 22.c3 f5 23.Rd7 1-0

[Event "Xtracon Chess Open 2018"]
[Site "Elsinore"]
[Date "2018.07.28"]
[Round "9"]
[White "Gaure, Sigurd Lauvas"]
[Black "Sandbech, Ted Henrik"]
[Result "1-0"]
[WhiteElo "1535"]
[BlackElo "1775"]
[EventDate "2018.07.21"]
[WhiteFideId "1524933"]
[BlackFideId "1409751"]

1.e4 d5 2.Bd3 dxe4 3.Bxe4 Nf6 4.Nc3 c6 5.Nf3 Bg4 6.h3 Bh5 7.O-O Nxe4 8.
Nxe4 e6 9.d4 Be7 10.Bf4 O-O 11.c3 Nd7 12.Ng3 Bg6 13.Re1 Nb6 14.Qb3 Nd5 15.
Be3 Rb8 16.Ne5 Nxe3 17.Nxg6 hxg6 18.Rxe3 Qc7 19.Rae1 Bg5 20.Re4 Bf4 21.c4 
Bxg3 22.fxg3 Rbd8 23.Rd1 c5 24.d5 exd5 25.cxd5 Rd6 26.Qc4 Rc8 27.b4 cxb4 
28.Re8+ Kh7 29.Qh4# 1-0

[Event "Xtracon Chess Open 2018"]
[Site "Elsinore"]
[Date "2018.07.28"]
[Round "9"]
[White "Nilssen, Ellen Fredericia"]
[Black "Rasmussen, Lars Garne"]
[Result "1-0"]
[WhiteElo "2152"]
[BlackElo "1995"]
[EventDate "2018.07.21"]
[WhiteFideId "1441230"]
[BlackFideId "1406434"]

1.d4 d5 2.c4 c6 3.Nc3 Nf6 4.Nf3 dxc4 5.a4 Bf5 6.e3 e6 7.Bxc4 Bb4 8.O-O 
Nbd7 9.Nh4 Bg4 10.f3 Nd5 11.fxg4 Qxh4 12.Qf3 Qe7 13.e4 Nxc3 14.bxc3 Ba5 
15.Ba3 Qf6 16.Qg3 Qg6 17.Rab1 O-O-O 18.e5 Qc2 19.Qf3 Qxa4 20.Bb4 Bxb4 21.
Rxb4 Qa5 22.Rfb1 Nxe5 23.dxe5 Qc5+ 24.Qf2 Qxf2+ 25.Kxf2 b6 26.Ke3 Rd7 27.
Bb3 Rhd8 28.Rd4 g5 29.Rf1 Rxd4 30.cxd4 Rd7 31.Bc2 h6 32.Bh7 a5 33.Bg8 Kd8 
34.Rxf7 Rxf7 35.Bxf7 Ke7 36.Bg8 a4 37.Kd3 b5 38.Kc3 Kd7 39.Kb4 Ke7 40.Bh7 
Kd7 41.Bc2 Kc7 42.Bxa4 bxa4 43.Kxa4 Kb7 44.Kb4 Kb6 45.Kc4 Kb7 46.Kc5 Kc7 
47.g3 1-0

[Event "Xtracon Chess Open 2018"]
[Site "Elsinore"]
[Date "2018.07.28"]
[Round "9"]
[White "Petersen, Peter Birk"]
[Black "Schouten, Mathias Lind"]
[Result "1/2-1/2"]
[WhiteElo "2128"]
[BlackElo "1784"]
[EventDate "2018.07.21"]
[WhiteFideId "1401696"]
[BlackFideId "1532790"]

1.e4 e6 2.d4 d5 3.Nd2 dxe4 4.Nxe4 Nf6 5.Nxf6+ gxf6 6.Be3 Bd7 7.Be2 Bc6 8.
Bf3 Bxf3 9.Qxf3 c6 10.Ne2 Nd7 11.O-O Qa5 12.c4 h5 13.a3 h4 14.d5 cxd5 15.
b4 Qd8 16.cxd5 Ne5 17.Qe4 exd5 18.Qf5 a5 19.Bd4 Bg7 20.Nf4 O-O 21.Nh5 Qd6 
22.f4 Ng6 23.Bc5 Qe6 24.Qxe6 fxe6 25.f5 exf5 26.Nxg7 Kxg7 27.Bxf8+ Nxf8 
28.Rac1 Ne6 29.Rxf5 axb4 30.axb4 Rd8 31.Rf2 d4 32.Rd2 Rd7 33.Kf2 f5 34.Kf3
Kf6 35.Rc8 Ng5+ 36.Ke2 Ne4 37.Rd3 Kg5 38.Rc4 Nc3+ 39.Kf3 Nb5 40.Rc8 Nc7 
41.Rg8+ Kf6 42.g3 hxg3 43.Kxg3 Na6 44.b5 Nc5 45.Rd1 Ne4+ 46.Kf4 Rh7 47.
Rf8+ Ke6 48.Re8+ Kd5 49.Re5+ Kc4 50.Rxf5 Nc3 51.Rd2 Nxb5 1/2-1/2

[Event "Xtracon Chess Open 2018"]
[Site "Elsinore"]
[Date "2018.07.28"]
[Round "9"]
[White "Smeby, Ole"]
[Black "Lahlum, Hans Olav"]
[Result "1/2-1/2"]
[WhiteElo "1887"]
[BlackElo "2122"]
[EventDate "2018.07.21"]
[WhiteFideId "1503677"]
[BlackFideId "1501348"]

1.d4 d5 2.Nf3 Nf6 3.c4 c6 4.e3 Bf5 5.Bd3 Bxd3 6.Qxd3 e6 7.O-O Nbd7 8.Nc3 
Bb4 9.Bd2 a5 10.a3 Bxc3 11.bxc3 O-O 12.cxd5 exd5 13.c4 dxc4 14.Qxc4 Ne4 
15.Qc2 Ndf6 1/2-1/2

[Event "Xtracon Chess Open 2018"]
[Site "Elsinore"]
[Date "2018.07.28"]
[Round "9"]
[White "Pettersen, Johan"]
[Black "Mai, Aron Thor"]
[Result "1/2-1/2"]
[WhiteElo "1858"]
[BlackElo "2119"]
[EventDate "2018.07.21"]
[WhiteFideId "1522183"]
[BlackFideId "2313383"]

1.g3 e5 2.Bg2 d6 3.d3 f5 4.e4 c6 5.Nc3 Nf6 6.f4 exf4 7.Bxf4 Be7 8.Nf3 O-O 
9.Qd2 a5 10.a4 Na6 11.O-O Nc7 12.Rae1 fxe4 13.dxe4 Ne6 14.e5 dxe5 15.Nxe5 
Bc5+ 16.Kh1 Nxf4 17.Qxf4 Qd4 18.Qg5 Bb4 1/2-1/2

[Event "Xtracon Chess Open 2018"]
[Site "Elsinore"]
[Date "2018.07.28"]
[Round "9"]
[White "Matras, Ove"]
[Black "Nielsen, Thomas Bach"]
[Result "0-1"]
[WhiteElo "1839"]
[BlackElo "2111"]
[EventDate "2018.07.21"]
[WhiteFideId "1416790"]
[BlackFideId "1401785"]

1.e4 c6 2.d4 d5 3.e5 Bf5 4.Bd3 Bxd3 5.Qxd3 e6 6.f4 Ne7 7.Nf3 Qa5+ 8.b4 
Qxb4+ 9.Bd2 Qc4 10.Qxc4 dxc4 11.Bb4 Na6 12.Bd6 Nd5 13.Bxf8 Rxf8 14.g3 b5 
15.Kf2 Ke7 16.Nbd2 Nc3 17.a4 Nxa4 18.Nxc4 Nb4 19.Ne3 Rfc8 20.Kg2 c5 21.c4 
a6 22.d5 exd5 23.cxd5 c4 24.Nd4 g6 25.f5 Rc5 26.d6+ Kd7 27.fxg6 hxg6 28.
Rhf1 Rxe5 29.Nxc4 bxc4 30.Rxa4 a5 31.Rxf7+ Kxd6 32.Rf6+ Kc5 33.Nf3 Re2+ 
34.Kf1 Ra2 35.Rxa2 Nxa2 36.Rxg6 c3 37.Ne1 Nb4 38.Rg7 Kc4 39.h4 a4 40.h5 a3
41.Rc7+ Kb3 42.Rb7 a2 43.Kg2 a1=Q 44.Rxb4+ Ka2 45.Re4 Kb3 46.Nd3 Ra2+ 0-1